Taylor Swift - Don't You Lyrics - Statistics

General Stats
  • This quiz has been taken 125 times
    100 since last reset
  • The average score is 199 of 233
Answer Stats
Answer % Correct
do
100%
don't
100%
Don't
100%
you
100%
You
100%
you?
100%
a
97%
But
97%
but
97%
I
97%
know
97%
and
94%
And
94%
how
94%
me
94%
so
94%
So
94%
ask
91%
want
91%
at
88%
been
88%
if
88%
i've
88%
I've
88%
love
88%
much
88%
say
85%
smile
85%
still
85%
why
85%
again
82%
i'd
82%
i'm
82%
to
82%
go
79%
missed
79%
My
79%
my
79%
on
79%
that
79%
you've
79%
can
76%
feel
76%
i'll
76%
It's
76%
of
76%
see
76%
the
76%
we're
76%
didn't
74%
Hey
74%
just
74%
while
74%
friends
71%
knew
71%
like
71%
mean
71%
stare
71%
Try
71%
with
71%
can't
68%
could
68%
here
68%
make
68%
out
68%
somewhere
68%
that's
68%
tried
68%
wanna
68%
happy
65%
into
65%
life
65%
run
65%
she'll
65%
this
65%
tonight
65%
what
65%
wish
65%
hate
62%
nothing
62%
pretend
62%
sure
62%
walk
62%
Ah
59%
ah
59%
heard
59%
is
59%
really
59%
she's
59%
somethin'
59%
wouldn't
59%
swore
56%
heart
53%
knows
50%
Sometimes
50%
truth
50%
No matching quizzes found
Score Distribution
Percent of People with Each Score
Percentile by Number Answered
Your Score History
You have not taken this quiz since the last reset